000 00354nam a2200169Ia 4500
001 6254
005 20250626025602.0
008 211022s9999 xx 000 0 und d
082 _a747 ROW
100 _aRowntree, Diana
245 0 _aInterior Design
260 _aEngland
260 _bDiana Rowntree
260 _c1964
300 _avp
942 _cBK
999 _c5760
_d5760